[Event "CalChess-ch"]
[Site "Monterey Park"]
[Date "2002.04.07"]
[Round "6"]
[White "Chien, Edward"]
[Black "Chung, Brian"]
[Result "1/2-1/2"]
[WhiteElo "1351"]
[BlackElo "1158"]
[PlyCount "106"]
[EventDate "2002.??.??"]
[EventType "swiss"]
[EventRounds "6"]
[EventCountry "USA"]
[SourceTitle "EXT 2007"]
[Source "ChessBase"]
[SourceDate "2006.11.23"]
[SourceVersion "1"]
[SourceVersionDate "2006.11.23"]
[SourceQuality "1"]

1. e4 e5 2. d4 exd4 3. c3 dxc3 4. Bc4 cxb2 5. Bxb2 Bb4+ 6. Nc3 Nf6 7. Nge2 Qe7 8. 0-0 0-0 9. Nd5 Nxd5 10. Bxd5 Nc6 11. Ng3 d6 12. Qb3 a5 13. a3 Bd2 14. f4 Qh4 15. Rf3 Bxf4 16. Raf1 g5 17. Bc3 Ne5 18. Bxe5 dxe5 19. a4 c6 20. Bc4 Rb8 21. Qc3 b5 22. axb5 cxb5 23. Qb3 Bd7 24. Bd5 a4 25. Qb4 Ra8 26. Nf5 Bxf5 27. exf5 Qxh2+ 28. Kf2 Qh4+ 29. Ke2 Ra7 30. Qc5 Ra6 31. Qxb5 Rd6 32. Bxf7+ Rxf7 33. Qb8+ Rf8 34. Qxd6 e4 35. Qe6+ Rf7 36. Qxe4 Kf8 37. Qxa4 Rxf5 38. Qb4+ Kg7 39. Qd4+ Kh6 40. Rh3 Re5+ 41. Kd3 Re3+ 42. Kc4 Rxh3 43. gxh3 Qxh3 44. Re1 Qc8+ 45. Kd3 Qa6+ 46. Kc2 Qa2+ 47. Kd3 Qd2+ 48. Kc4 Qxe1 49. Qf6+ Kh5 50. Qf7+ Kg4 51. Qd7+ Kg3 52. Qd3+ Qe3 53. Qxh7 Qe6+ 1/2-1/2